000 00935nam a2200277 a 4500
001 26722
003 CO-ViMGA
005 20230915223426.0
008 141112s2004 ck r 000 u spa d
020 _a9681654595
035 _aAGR5999 LA
040 _aCO-ViMGA
_bspa
_cCO-ViMGA
041 _aspa ger
043 _ae - sz - - -
090 _aC HASe
100 1 _aHasler, Eveline, 1933 -
_93901
245 1 0 _aLa escuela vuela /
_cEverline Hasler ; ilustraciones de Juan Gedovius ; traducción de Ana Garralón.
260 _aMéxico :
_bFondo de Cultura Económica,
_c2000.
300 _a38 p. : il. ; 20 cm.
490 0 _aA la orilla del viento. para los que están aprendiendo a leer ; 92
650 1 4 _aCuentos infantiles suizos.
700 1 _aGarralón, Ana, 1965 - , tr. ; Gedovius, Juan, il.
_93903
942 _2ddc
_cBK
949 _an n
999 _c10070
_d10070